000 00874nam a2200205Ii 4500
003 JO-AjNU
008 230605s9999||||xx |||||||||||||| ||und||
017 _a2012/8761
040 _aJO-AjNU
_bara
_erda
_cJO-AjNU
041 _aara
050 1 4 _aHB3722.2012
100 3 _aغيث، سارة عماد الدين,
_eauthor
_944847
245 0 0 _aالازمة المالية العالمية المعاصرة من منظور اسلامي وتاثيرها على الاقتصادات العربية= Global Contemporary Financial Crisis from Islamic View and its Impact on Arab Economies
264 3 1 _aالقاهرة:دار النهضة العربية،2012
300 _a180ص
_bرسالة ماجستير
336 _atext
_btxt
_2rdacontent
337 _aunmediated
_bn
_2rdamedia
338 _avolume
_bnc
_2rdacarrier
650 4 _aالاقتصاد الاسلامي
_944848
999 _aA19396
_c22964
_d22964